[Event "13. Sparkassen Open 2014 - Gruppe B"]
[Site "Forchheim"]
[Date "2014.10.03"]
[Round "2.28"]
[White "Rierl, Klaus"]
[Black "Roser, Ludwig"]
[Result "1-0"]
[WhiteElo "1793"]
[BlackElo "1837"]
[PlyCount "117"]
[EventDate "2014.??.??"]

1. Nf3 d6 2. d4 Nf6 3. e3 Nbd7 4. b3 e5 5. c4 c6 6. Be2 Be7 7. O-O O-O 8. Bb2
e4 9. Nfd2 d5 10. Nc3 Bd6 11. a3 a6 12. b4 b5 13. c5 Bc7 14. a4 Bb7 15. axb5
axb5 16. Rxa8 Qxa8 17. Qa1 Qc8 18. Qc1 Qb8 19. g3 Ne8 20. Nxb5 cxb5 21. c6 Bc8
22. cxd7 Bxd7 23. Nb3 Bh3 24. Rd1 Nd6 25. Nc5 Nc4 26. Bc3 g6 27. Qc2 Nxe3 28.
fxe3 Bxg3 29. Bf1 Bxf1 30. Rxf1 Bd6 31. Qg2 Qc8 32. Be1 f6 33. Bg3 Be7 34. h3
Rf7 35. Kh2 Bf8 36. Qa2 Bxc5 37. bxc5 Qc6 38. Ra1 Qe6 39. Qe2 Qc6 40. Rb1 Rb7
41. Bd6 Kg7 42. Qa2 b4 43. Qa8 Kh6 44. Rxb4 Qd7 45. Rxb7 Qe6 46. Qa2 g5 47. Qf2
f5 48. Rb1 Kg6 49. Rg1 h6 50. h4 g4 51. Bf4 Qa6 52. Qb2 Qd3 53. c6 Kh5 54. c7
Qa6 55. Qc2 Qc8 56. Kg3 Kg6 57. Qc6+ Kh7 58. Qxh6+ Kg8 59. Rb1 1-0

[Event "13. Sparkassen Open 2014 - Gruppe B"]
[Site "Forchheim"]
[Date "2014.10.03"]
[Round "2.29"]
[White "Rosenhain, Thomas"]
[Black "Pribylova, Sofie"]
[Result "0-1"]
[WhiteElo "1621"]
[BlackElo "1775"]
[PlyCount "42"]
[EventDate "2014.??.??"]

1. e4 c5 2. Nf3 d6 3. d4 cxd4 4. Qxd4 Nc6 5. Bb5 Bd7 6. Bxc6 Bxc6 7. c4 Nf6 8.
Nc3 e6 9. O-O Be7 10. Bg5 O-O 11. Rad1 a6 12. Rfe1 Rc8 13. h3 Qc7 14. Qe3 Rfd8
15. Bf4 Be8 16. e5 dxe5 17. Rxd8 Rxd8 18. Nxe5 Bd6 19. b3 Bc5 20. Nxf7 Qb6 21.
Na4 Bxa4 0-1

[Event "13. Sparkassen Open 2014 - Gruppe B"]
[Site "Forchheim"]
[Date "2014.10.03"]
[Round "2.30"]
[White "Tschammer, Kai"]
[Black "Heiler, Karl"]
[Result "0-1"]
[WhiteElo "1668"]
[BlackElo "1846"]
[PlyCount "102"]
[EventDate "2014.??.??"]

1. e4 d5 2. exd5 Nf6 3. Bb5+ Bd7 4. Bc4 Bg4 5. f3 Bh5 6. Nc3 Nbd7 7. Nge2 a6 8.
O-O Nb6 9. Bb3 Nbxd5 10. d4 e6 11. Re1 Be7 12. Ng3 Bg6 13. Bd2 O-O 14. Nce4 Qd7
15. c4 Nb6 16. f4 Qxd4+ 17. Nf2 Rad8 18. Re2 Bc5 19. Be3 Qxd1+ 20. Rxd1 Bxe3
21. Rxe3 Rxd1+ 22. Nxd1 Rd8 23. Nc3 Ng4 24. Re1 Rd4 25. f5 Nxc4 26. Bxc4 Rxc4
27. fxg6 hxg6 28. Rd1 Rc6 29. Rd8+ Kh7 30. Nge4 f6 31. Rd7 Kh6 32. Rd8 g5 33.
h3 Ne5 34. Kf2 b5 35. Ke3 Nc4+ 36. Ke2 Nxb2 37. Nd1 Rc2+ 38. Kf1 Nxd1 39. Rxd1
Rxa2 40. Rc1 Ra4 41. Nf2 Rc4 42. Re1 e5 43. Rd1 b4 44. Rb1 a5 45. Nd3 c5 46.
Ke1 Rc3 47. Nc1 c4 48. Ne2 Rc2 49. Kd1 b3 50. Ke1 a4 51. Kf1 a3 0-1

[Event "13. Sparkassen Open 2014 - Gruppe B"]
[Site "Forchheim"]
[Date "2014.10.03"]
[Round "2.31"]
[White "Großner, Josef"]
[Black "Babichev, Vyacheslav"]
[Result "1-0"]
[WhiteElo "1607"]
[BlackElo "1852"]
[PlyCount "77"]
[EventDate "2014.??.??"]

1. d4 d5 2. c4 Nc6 3. Bf4 Nf6 4. e3 e6 5. Nc3 Be7 6. Nf3 Nh5 7. Bg3 Nxg3 8.
hxg3 dxc4 9. Bxc4 O-O 10. a3 Na5 11. Qc2 g6 12. Ba2 Nc6 13. O-O a6 14. Rfd1 Qe8
15. Rac1 Nd8 16. Ne4 c6 17. Ne5 b6 18. f4 f5 19. Nf2 c5 20. d5 Bf6 21. g4 Bxe5
22. fxe5 Nf7 23. gxf5 exf5 24. e6 Nd6 25. e4 fxe4 26. Nxe4 Nf5 27. Qc3 Nd4 28.
Qd3 Kg7 29. b4 h6 30. bxc5 bxc5 31. Rxc5 Nf5 32. Qc3+ Kh7 33. Rc7+ Kg8 34. Nf6+
Rxf6 35. Qxf6 Rb8 36. g4 Rb7 37. Rxb7 Bxb7 38. gxf5 gxf5 39. Rd2 1-0

[Event "13. Sparkassen Open 2014 - Gruppe B"]
[Site "Forchheim"]
[Date "2014.10.03"]
[Round "2.32"]
[White "Rieck, Timo"]
[Black "Ott, Hans"]
[Result "1-0"]
[WhiteElo "1760"]
[BlackElo "1597"]
[PlyCount "71"]
[EventDate "2014.??.??"]

1. c4 Nf6 2. g3 g6 3. Bg2 Bg7 4. e3 d6 5. Ne2 c6 6. O-O O-O 7. Nbc3 Na6 8. f4
e5 9. h3 Be6 10. d3 Qd7 11. Kh2 h5 12. e4 Nh7 13. Be3 f5 14. d4 exd4 15. Nxd4
Bxc4 16. Rf2 c5 17. Nb3 Rad8 18. exf5 Bxc3 19. bxc3 Rxf5 20. Be4 Rf6 21. Qc2
Qf7 22. Rd1 b6 23. Nd2 Be6 24. Nf3 Bf5 25. Bxf5 Rxf5 26. Ne5 Qe8 27. g4 Rf6 28.
Qd3 Nc7 29. gxh5 g5 30. Ng4 Re6 31. fxg5 Qxh5 32. Nh6+ Rxh6 33. gxh6 Ne6 34.
Rg1+ Nhg5 35. Bxg5 Nxg5 36. Qd5+ 1-0

[Event "13. Sparkassen Open 2014 - Gruppe B"]
[Site "Forchheim"]
[Date "2014.10.03"]
[Round "2.33"]
[White "Krenz, Hartmut"]
[Black "Li, Simon"]
[Result "1/2-1/2"]
[WhiteElo "1547"]
[BlackElo "1814"]
[PlyCount "75"]
[EventDate "2014.??.??"]

1. d4 Nf6 2. Nf3 g6 3. Bf4 c5 4. c3 Bg7 5. e3 O-O 6. h3 d5 7. Be2 Nc6 8. Nbd2
Nd7 9. O-O e5 10. dxe5 Ndxe5 11. Nxe5 Nxe5 12. Nf3 Nc6 13. Qd2 Re8 14. Rad1 Be6
15. Rfe1 Qb6 16. b3 Rad8 17. Qc1 Qa5 18. Ng5 Qxa2 19. Nxe6 fxe6 20. Qb1 Qxb1
21. Rxb1 Bxc3 22. Rec1 d4 23. exd4 cxd4 24. Rd1 Kg7 25. Bg5 Rd6 26. Rbc1 Rd5
27. Bh4 g5 28. Bg3 Rdd8 29. Bb5 e5 30. h4 h6 31. hxg5 hxg5 32. f3 a6 33. Bd3 b5
34. Kf2 Nb4 35. Be4 a5 36. Rh1 Nd5 37. Rh7+ Kg8 38. Rb7 1/2-1/2

[Event "13. Sparkassen Open 2014 - Gruppe B"]
[Site "Forchheim"]
[Date "2014.10.03"]
[Round "2.34"]
[White "Winkelmeier, Alfred"]
[Black "Diller, Andreas"]
[Result "0-1"]
[WhiteElo "1744"]
[BlackElo "1572"]
[PlyCount "126"]
[EventDate "2014.??.??"]

1. e4 e6 2. b3 d5 3. Bb2 Nf6 4. e5 Nfd7 5. Nf3 c5 6. g3 Nc6 7. Qe2 Be7 8. Bg2
h5 9. h4 Qc7 10. O-O b6 11. Re1 a5 12. a4 Ba6 13. d3 Rc8 14. Nbd2 Nb4 15. Nf1
c4 16. dxc4 dxc4 17. Qd1 cxb3 18. cxb3 Nd3 19. Re2 Nxb2 20. Rxb2 Nxe5 21. Ne3
O-O 22. Rc2 Bc5 23. Ng5 g6 24. Ne4 Qe7 25. Nxc5 Rxc5 26. Rac1 Rd8 27. Rd2 Rxd2
28. Qxd2 Rxc1+ 29. Qxc1 Bb7 30. Qc3 Nf3+ 31. Kh1 Qd7 32. Qf6 Nd2 33. Qf4 Bxg2+
34. Nxg2 Nxb3 35. Qb8+ Kg7 36. Qxb6 Qxa4 37. Ne3 Qa1+ 38. Kg2 a4 39. Nc4 Qd4
40. Qa6 Nc5 41. Qb5 Nd3 42. Ne3 a3 43. Qb1 Qe4+ 44. Kg1 Qd4 45. Kg2 Nxf2 46.
Kxf2 Qb2+ 47. Qc2 Qxc2+ 48. Nxc2 a2 49. Ke3 Kf6 50. Ke4 g5 51. hxg5+ Kxg5 52.
Kf3 f5 53. Na1 e5 54. Nc2 e4+ 55. Kg2 f4 56. gxf4+ Kxf4 57. Kf2 h4 58. Na1 h3
59. Nc2 e3+ 60. Kg1 e2 61. Kh2 a1=Q 62. Nxa1 e1=Q 63. Nc2 Qg3+ 0-1

[Event "13. Sparkassen Open 2014 - Gruppe B"]
[Site "Forchheim"]
[Date "2014.10.03"]
[Round "2.35"]
[White "Schöne, Steffen"]
[Black "Krammer, Werner"]
[Result "1-0"]
[WhiteElo "1723"]
[BlackElo "1529"]
[PlyCount "77"]
[EventDate "2014.??.??"]

1. d4 d5 2. c4 c6 3. cxd5 cxd5 4. Nf3 Nf6 5. Nc3 Nc6 6. Bf4 a6 7. e3 e6 8. Rc1
Bd6 9. Bg3 Bxg3 10. hxg3 Qd6 11. Bd3 Bd7 12. a3 Rc8 13. Qe2 Na7 14. Ne5 Bb5 15.
O-O Bxd3 16. Qxd3 O-O 17. g4 Nd7 18. f4 Nxe5 19. dxe5 Qb6 20. b4 Rc4 21. Na4
Qb5 22. Nb2 Rxc1 23. Rxc1 Qxd3 24. Nxd3 Rc8 25. Rxc8+ Nxc8 26. Nc5 b5 27. Nxa6
Kf8 28. Nc7 Na7 29. Kf2 Ke7 30. f5 Kd7 31. Na6 Nc6 32. Nc5+ Ke7 33. Nd3 exf5
34. gxf5 h5 35. Kg3 g6 36. Kf4 d4 37. f6+ Ke6 38. Ke4 dxe3 39. Nc5# 1-0

[Event "13. Sparkassen Open 2014 - Gruppe B"]
[Site "Forchheim"]
[Date "2014.10.03"]
[Round "2.36"]
[White "Delere, Adrian"]
[Black "Reinfelder, Fabian"]
[Result "0-1"]
[WhiteElo "1590"]
[BlackElo "1854"]
[PlyCount "68"]
[EventDate "2014.??.??"]

1. e4 c6 2. d4 d5 3. Nc3 dxe4 4. Nxe4 Bf5 5. Ng3 Bg6 6. N1e2 h6 7. Nf4 Bh7 8.
Be3 Nf6 9. Bd3 Bxd3 10. Qxd3 e6 11. O-O-O Be7 12. Kb1 O-O 13. Qd2 Ng4 14. Rhe1
Nd7 15. f3 Nxe3 16. Qxe3 Qc7 17. d5 Bc5 18. Nxe6 fxe6 19. Qxe6+ Kh8 20. dxc6
Nf6 21. cxb7 Qxb7 22. Ne4 Ba3 23. b3 Rfe8 24. Qf5 Nxe4 25. fxe4 Qc7 26. Qh3
Rac8 27. c4 Qe5 28. Re2 Rxc4 29. bxc4 Rb8+ 30. Kc2 Qb2+ 31. Kd3 Rd8+ 32. Ke3
Bc5+ 33. Kf3 Rf8+ 34. Kg3 Bf2+ 0-1

[Event "13. Sparkassen Open 2014 - Gruppe B"]
[Site "Forchheim"]
[Date "2014.10.03"]
[Round "2.37"]
[White "Weidenhöfer, Robert"]
[Black "Weber, Alexander"]
[Result "1-0"]
[WhiteElo "1771"]
[BlackElo "1700"]
[PlyCount "40"]
[EventDate "2014.??.??"]

1. b3 e5 2. Bb2 Nc6 3. e3 Nf6 4. Bb5 Bd6 5. Bxc6 dxc6 6. c4 Bg4 7. Ne2 O-O 8.
f3 Bh5 9. Nbc3 Re8 10. Ng3 Bg6 11. O-O Bd3 12. Re1 e4 13. Ncxe4 Nxe4 14. fxe4
Bxg3 15. hxg3 Qg5 16. g4 Rxe4 17. Rf1 Bxf1 18. Qxf1 Rxg4 19. Qf2 Rd8 20. Rf1
Rd6 1-0

[Event "13. Sparkassen Open 2014 - Gruppe B"]
[Site "Forchheim"]
[Date "2014.10.03"]
[Round "2.38"]
[White "Halfmann, Peter"]
[Black "Schulz, Horst"]
[Result "1/2-1/2"]
[WhiteElo "1862"]
[BlackElo "1728"]
[PlyCount "34"]
[EventDate "2014.??.??"]

1. d4 d5 2. Nf3 Nf6 3. Bg5 e6 4. e3 Be7 5. Nbd2 O-O 6. Bd3 Nbd7 7. O-O c5 8. c3
Qc7 9. Re1 Bd6 10. e4 dxe4 11. Nxe4 Nxe4 12. Bxe4 cxd4 13. cxd4 h6 14. Bh4 f5
15. Rc1 Qb6 16. Bb1 g5 17. Nxg5 hxg5 1/2-1/2

[Event "13. Sparkassen Open 2014 - Gruppe B"]
[Site "Forchheim"]
[Date "2014.10.03"]
[Round "2.39"]
[White "Goda, Frederic"]
[Black "Paeslack, Luis"]
[Result "1/2-1/2"]
[WhiteElo "1718"]
[BlackElo "1815"]
[PlyCount "113"]
[EventDate "2014.??.??"]

1. d4 d5 2. c4 e6 3. Nc3 Nf6 4. cxd5 exd5 5. Bf4 Be6 6. e3 a6 7. Nf3 Nbd7 8.
Qc2 h6 9. Bd3 Be7 10. h3 Rc8 11. O-O O-O 12. a4 Re8 13. Qb3 Rb8 14. Qc2 Rc8 15.
e4 Nf8 16. e5 N6d7 17. Nh2 Bg5 18. Bxg5 Qxg5 19. f4 Qh4 20. f5 Qxd4+ 21. Kh1
Qxe5 22. Ng4 Qd6 23. fxe6 Nxe6 24. Qf2 Rf8 25. Rae1 c6 26. Nxh6+ gxh6 27. Qf5
Ng5 28. h4 Qg6 29. Qxd7 Qxd3 30. hxg5 hxg5 31. Rxf7 Rxf7 32. Qxc8+ Kg7 33. Qg4
Rf1+ 34. Rxf1 Qxf1+ 35. Kh2 Qf4+ 36. Kh3 Kf6 37. Ne2 Qe3+ 38. Qf3+ Qxf3+ 39.
gxf3 c5 40. Kg4 d4 41. f4 gxf4 42. Kxf4 b5 43. axb5 axb5 44. Ke4 Ke6 45. Nxd4+
cxd4 46. Kxd4 Kd6 47. b4 Kc6 48. Ke5 Kb6 49. Kd6 Ka6 50. Kc6 Ka7 51. Kxb5 Kb7
52. Kc5 Kc7 53. b5 Kb7 54. b6 Kb8 55. Kc6 Kc8 56. b7+ Kb8 57. Kb6 1/2-1/2

[Event "13. Sparkassen Open 2014 - Gruppe B"]
[Site "Forchheim"]
[Date "2014.10.03"]
[Round "2.40"]
[White "Meth, Matthias"]
[Black "Vinogradov, Anatoli"]
[Result "1/2-1/2"]
[WhiteElo "1504"]
[BlackElo "1802"]
[PlyCount "55"]
[EventDate "2014.??.??"]

1. d4 Nf6 2. c4 e6 3. Nf3 d5 4. Nc3 Bb4 5. a3 Bxc3+ 6. bxc3 O-O 7. Bg5 b6 8.
cxd5 exd5 9. e3 Bb7 10. Bd3 Nbd7 11. O-O h6 12. Bh4 c5 13. Ne5 Qc7 14. Nxd7
Nxd7 15. Bg3 Qd8 16. Re1 Re8 17. Rc1 c4 18. Bc2 b5 19. Ra1 a5 20. Qb1 Qb6 21.
e4 dxe4 22. Bxe4 Bxe4 23. Rxe4 Nf6 24. Re5 Rxe5 25. Bxe5 Nd5 26. Qb2 Ra7 27.
Rb1 Rb7 28. Qd2 1/2-1/2

[Event "13. Sparkassen Open 2014 - Gruppe B"]
[Site "Forchheim"]
[Date "2014.10.03"]
[Round "2.41"]
[White "Hoffmann, Sebastian"]
[Black "Früchtel, Thomas"]
[Result "1-0"]
[WhiteElo "1713"]
[BlackElo "1623"]
[PlyCount "124"]
[EventDate "2014.??.??"]

1. e4 e6 2. Nf3 d5 3. Nc3 Nf6 4. e5 Nfd7 5. d4 c5 6. dxc5 Bxc5 7. Bd3 Nc6 8.
Bf4 a6 9. O-O f5 10. exf6 Nxf6 11. Re1 O-O 12. h3 Bd6 13. Bxd6 Qxd6 14. Bf1 Bd7
15. Ng5 Rae8 16. Qd2 Qb4 17. a3 Qd4 18. Qxd4 Nxd4 19. Rad1 Nc6 20. Na4 h6 21.
Nf3 Bc8 22. Nb6 Re7 23. Nh4 Rc7 24. Nxc8 Rfxc8 25. Rxe6 Nd8 26. Rb6 Rxc2 27.
Nf5 R8c7 28. Ne3 R2c6 29. Rxc6 Rxc6 30. Nxd5 Nxd5 31. Rxd5 Ne6 32. Rd7 Rc7 33.
Rd6 Kf7 34. b3 Ke7 35. Rd3 Rc1 36. Re3 Kd6 37. f3 a5 38. Kf2 Rc2+ 39. Kg3 Rd2
40. f4 Rd4 41. f5 Nc7 42. Bc4 b5 43. Bf7 Rd2 44. Kf3 Rd4 45. Ke2 Kd7 46. Rd3
Rxd3 47. Kxd3 Kd6 48. Kd4 Na6 49. g4 Nc5 50. h4 Nd7 51. Be8 Nf6 52. Bh5 Nd5 53.
g5 hxg5 54. hxg5 Nf4 55. Be8 Ne2+ 56. Kd3 Nf4+ 57. Ke4 Nd5 58. Kd4 b4 59. a4
Nb6 60. f6 gxf6 61. gxf6 Ke6 62. f7 Ke7 1-0

[Event "13. Sparkassen Open 2014 - Gruppe B"]
[Site "Forchheim"]
[Date "2014.10.03"]
[Round "2.42"]
[White "Schütz, Robert"]
[Black "Reichel, Günther"]
[Result "1/2-1/2"]
[WhiteElo "1743"]
[BlackElo "1742"]
[PlyCount "38"]
[EventDate "2014.??.??"]

1. e4 c5 2. Nf3 d6 3. d4 cxd4 4. Nxd4 Nf6 5. Nc3 g6 6. Be3 Bg7 7. f3 O-O 8. Qd2
Nc6 9. g4 Be6 10. O-O-O Rc8 11. Nxe6 fxe6 12. Be2 Qa5 13. Kb1 Rfd8 14. h4 d5
15. exd5 Nb4 16. a3 Nxc2 17. Qxc2 Nxd5 18. Bd2 Bxc3 19. Bxc3 Qb6 1/2-1/2

[Event "13. Sparkassen Open 2014 - Gruppe B"]
[Site "Forchheim"]
[Date "2014.10.03"]
[Round "2.44"]
[White "Balhar, Michael"]
[Black "Bauschke, Norman"]
[Result "1-0"]
[WhiteElo "1725"]
[BlackElo "1623"]
[PlyCount "35"]
[EventDate "2014.??.??"]

1. e4 c5 2. Nf3 Nc6 3. Bb5 Qc7 4. O-O g6 5. c3 Bg7 6. Re1 e6 7. d4 cxd4 8. cxd4
Nge7 9. Nc3 O-O 10. d5 Bxc3 11. bxc3 Qa5 12. Bxc6 dxc6 13. Bh6 Rd8 14. Qd4 f6
15. Qxf6 Nf5 16. exf5 Qc7 17. d6 Qd7 18. fxe6 1-0

[Event "13. Sparkassen Open 2014 - Gruppe B"]
[Site "Forchheim"]
[Date "2014.10.03"]
[Round "2.45"]
[White "Gheng, Christian"]
[Black "Krasotin, Valentin"]
[Result "0-1"]
[WhiteElo "1639"]
[BlackElo "1656"]
[PlyCount "37"]
[EventDate "2014.??.??"]

1. e4 e5 2. Nf3 Nc6 3. Bb5 a6 4. Ba4 Nf6 5. O-O b5 6. Bb3 Be7 7. Re1 O-O 8. c3
d5 9. exd5 Nxd5 10. Nxe5 Nxe5 11. Rxe5 Nf6 12. h3 Bd6 13. Re1 Ng4 14. Qf3 Qh4
15. Re4 h5 16. Re8 Bb7 17. Qxf7+ Kh8 18. Rxa8 Bxa8 19. g3 0-1

[Event "13. Sparkassen Open 2014 - Gruppe B"]
[Site "Forchheim"]
[Date "2014.10.03"]
[Round "2.47"]
[White "Kornitzky, Tino"]
[Black "Walch, Roger"]
[Result "1-0"]
[WhiteElo "1551"]
[BlackElo "1740"]
[PlyCount "75"]
[EventDate "2014.??.??"]

1. d4 e6 2. c4 c5 3. Nf3 cxd4 4. Nxd4 e5 5. Nf3 d6 6. Nc3 Nf6 7. Bg5 Be7 8. e3
O-O 9. Bd3 h6 10. Bxf6 Bxf6 11. h3 b6 12. Be4 Ba6 13. Bxa8 Bxc4 14. Bd5 Ba6 15.
Qc2 Be7 16. O-O-O Nd7 17. Bc6 Nf6 18. g4 Qc8 19. Be4 Nxe4 20. Qxe4 Bb7 21. Rd5
Qe6 22. Rg1 Rc8 23. Rgd1 Rc5 24. Kb1 g6 25. Nh2 b5 26. f4 f5 27. gxf5 gxf5 28.
Qg2+ Kf7 29. Qd2 b4 30. Rxc5 dxc5 31. Nd5 exf4 32. Nxf4 Be4+ 33. Ka1 Qa6 34.
Qe2 c4 35. Rc1 Bd3 36. Nxd3 b3 37. Nb4 Bxb4 38. Qxc4+ 1-0

[Event "13. Sparkassen Open 2014 - Gruppe B"]
[Site "Forchheim"]
[Date "2014.10.03"]
[Round "2.48"]
[White "Scheuerer, Werner"]
[Black "Flüchter, Markus"]
[Result "1-0"]
[WhiteElo "1936"]
[BlackElo "1674"]
[PlyCount "71"]
[EventDate "2014.??.??"]

1. f4 d5 2. Nf3 Nf6 3. e3 Nc6 4. Be2 e6 5. O-O Bd6 6. b3 Qe7 7. Bb2 Bd7 8. Ne5
O-O-O 9. a4 a6 10. Na3 h6 11. c4 Bxe5 12. fxe5 Ne4 13. Nc2 f6 14. d3 Ng5 15.
exf6 gxf6 16. Bxf6 Qh7 17. Bxh8 Qxh8 18. Bh5 Qe5 19. d4 Qe4 20. Rf4 Qh7 21.
cxd5 exd5 22. b4 Rg8 23. Kh1 Bf5 24. Rc1 Kb8 25. b5 axb5 26. axb5 Na5 27. Ne1
Nc4 28. Qe2 Be4 29. Bf3 Nxf3 30. Nxf3 Qg7 31. Rg1 Nd6 32. Nd2 Bf5 33. Qf2 Bd3
34. b6 cxb6 35. Rf6 Kc7 36. Qf4 1-0

[Event "13. Sparkassen Open 2014 - Gruppe B"]
[Site "Forchheim"]
[Date "2014.10.03"]
[Round "2.49"]
[White "Askri, Samir"]
[Black "Pribyl, Viktor"]
[Result "1-0"]
[WhiteElo "1865"]
[BlackElo "1544"]
[PlyCount "55"]
[EventDate "2014.??.??"]

1. d4 Nf6 2. c4 g6 3. Nf3 Bg7 4. Nc3 d5 5. e3 c5 6. cxd5 Nxd5 7. Be2 O-O 8. O-O
Nc6 9. Qb3 Nxc3 10. bxc3 Qc7 11. Ba3 cxd4 12. cxd4 Bf5 13. Rac1 Qd7 14. Bb5 Be4
15. Nd2 Bd5 16. Qb1 f5 17. Nb3 e6 18. Bxf8 Rxf8 19. Nc5 Qe7 20. Bc4 Bxc4 21.
Rxc4 b6 22. Nd3 Na5 23. Rc2 Qg5 24. Rfc1 h5 25. Nf4 Rf6 26. Rc7 Qh6 27. Rxa7 g5
28. Rcc7 1-0

[Event "13. Sparkassen Open 2014 - Gruppe B"]
[Site "Forchheim"]
[Date "2014.10.03"]
[Round "2.50"]
[White "Fritsch, Julian"]
[Black "Pohl, Steffen"]
[Result "0-1"]
[WhiteElo "1516"]
[BlackElo "1772"]
[PlyCount "71"]
[EventDate "2014.??.??"]

1. d4 Nf6 2. c4 c5 3. d5 b5 4. b3 e6 5. dxe6 fxe6 6. Bb2 bxc4 7. bxc4 d5 8.
cxd5 exd5 9. e3 Bb7 10. Nf3 Be7 11. Bb5+ Nbd7 12. O-O O-O 13. Nc3 Nb6 14. Qc2
d4 15. exd4 Bxf3 16. dxc5 Bxg2 17. Rfd1 Qc8 18. cxb6 Bf3 19. Qb3+ Kh8 20. Rd4
Qh3 21. Bf1 Qh5 22. Ne2 Bxe2 23. Bxe2 Qxe2 24. bxa7 Nh5 25. Rf1 Bf6 26. Ba3
Bxd4 27. Bxf8 Bxa7 28. Bd6 Nf6 29. Qb7 Qg4+ 30. Kh1 Qe4+ 31. Qxe4 Nxe4 32. Be5
Nxf2+ 33. Kg2 Ng4 34. Ba1 Ne3+ 35. Kg1 Nxf1+ 36. Kxf1 0-1

[Event "13. Sparkassen Open 2014 - Gruppe B"]
[Site "Forchheim"]
[Date "2014.10.03"]
[Round "2.51"]
[White "Lober, Wolfgang"]
[Black "Wagner, Leopold Franziskus"]
[Result "1-0"]
[WhiteElo "1711"]
[BlackElo "1681"]
[PlyCount "121"]
[EventDate "2014.??.??"]

1. d4 d5 2. c4 e6 3. Nc3 Nf6 4. cxd5 exd5 5. Bg5 Be7 6. e3 h6 7. Bh4 c6 8. Bd3
Be6 9. Nge2 Bd6 10. f4 Bg4 11. Qc2 Nbd7 12. h3 Bxe2 13. Nxe2 Bb4+ 14. Nc3 Qe7
15. Qf2 O-O-O 16. O-O Rhg8 17. a3 Bd6 18. Rac1 Kb8 19. b4 g5 20. fxg5 hxg5 21.
Bg3 Rde8 22. Rfe1 Ka8 23. b5 Bxg3 24. Qxg3 Rc8 25. bxc6 Rxc6 26. Nb5 Rcc8 27.
Rxc8+ Rxc8 28. Nc7+ Rxc7 29. Qxc7 Ne8 30. Qc8+ Nb8 31. Qf5 Qxa3 32. Rb1 Qe7 33.
Qxd5 Qxe3+ 34. Kh1 Qe7 35. Be4 a6 36. Rxb7 Qxe4 37. Qxe4 Nd6 38. Qe7 Nxb7 39.
Qxf7 a5 40. Qd5 a4 41. Qxg5 Nd7 42. Qb5 Nf6 43. Qxa4+ Kb8 44. Qc6 Nh7 45. Qh6
Nf8 46. Qxf8+ Kc7 47. h4 Kc6 48. h5 Kd5 49. Qf3+ Kxd4 50. Qxb7 Ke5 51. h6 Kf6
52. h7 Ke5 53. h8=Q+ Kf5 54. Qb5+ Ke4 55. Qh4+ Ke3 56. Qb3+ Ke2 57. Qf3+ Kd2
58. Qd4+ Kc2 59. Qdc3+ Kb1 60. Qd1+ Ka2 61. Qcb3# 1-0

[Event "13. Sparkassen Open 2014 - Gruppe B"]
[Site "Forchheim"]
[Date "2014.10.03"]
[Round "2.52"]
[White "Braun, Kristin"]
[Black "Dreiseitel, Werner"]
[Result "1-0"]
[WhiteElo "1793"]
[BlackElo "1557"]
[PlyCount "83"]
[EventDate "2014.??.??"]

1. Nf3 d5 2. g3 c6 3. Bg2 Bf5 4. d3 e6 5. O-O Nf6 6. e3 h6 7. Nc3 Be7 8. Nh4
Bh7 9. f4 Nbd7 10. Nf3 Qc7 11. Re1 O-O 12. e4 dxe4 13. dxe4 Bc5+ 14. Kh1 a6 15.
e5 Nd5 16. Nxd5 cxd5 17. c3 Rfc8 18. Nd4 b5 19. Be3 Rab8 20. Qg4 b4 21. Nxe6
fxe6 22. Qxe6+ Kh8 23. Qxd5 Bxe3 24. Rxe3 Nb6 25. Qd6 Qxd6 26. exd6 Nc4 27. Bh3
Nxe3 28. Bxc8 Rxc8 29. Re1 Nf5 30. d7 Nd6 31. dxc8=Q+ Nxc8 32. Re8+ Bg8 33.
Rxc8 bxc3 34. bxc3 Kh7 35. Rxg8 Kxg8 36. Kg2 Kf7 37. Kf3 Ke6 38. Ke4 h5 39. h3
g6 40. g4 Kf6 41. c4 g5 42. gxh5 1-0

[Event "13. Sparkassen Open 2014 - Gruppe B"]
[Site "Forchheim"]
[Date "2014.10.04"]
[Round "3.1"]
[White "Diller, Daniel"]
[Black "Koelbl, Wolfgang"]
[Result "1/2-1/2"]
[WhiteElo "1872"]
[BlackElo "1876"]
[PlyCount "57"]
[EventDate "2014.??.??"]

1. c4 f5 2. g3 Nf6 3. Bg2 g6 4. Nc3 Bg7 5. d3 O-O 6. e4 fxe4 7. dxe4 d6 8. Nge2
c5 9. O-O Nc6 10. f4 Be6 11. Nd5 Qd7 12. Qc2 Bg4 13. Be3 Bxe2 14. Qxe2 Ng4 15.
Bh3 h5 16. Bxg4 hxg4 17. Rab1 Nd4 18. Bxd4 Bxd4+ 19. Kg2 Rf7 20. f5 e6 21. fxe6
Qxe6 22. Nf4 Qe8 23. Nd5 Qe7 24. Rxf7 Kxf7 25. Rf1+ Kg7 26. b3 Re8 27. Rf4 Rf8
28. Qf1 Re8 29. Qe2 1/2-1/2

[Event "13. Sparkassen Open 2014 - Gruppe B"]
[Site "Forchheim"]
[Date "2014.10.04"]
[Round "3.2"]
[White "Pikal, Alexander"]
[Black "Volkovski, Reinhold"]
[Result "1-0"]
[WhiteElo "1924"]
[BlackElo "1726"]
[PlyCount "61"]
[EventDate "2014.??.??"]

1. f4 d6 2. Nf3 Nf6 3. e3 g6 4. d4 Bg7 5. Bd3 c6 6. e4 Qc7 7. O-O O-O 8. c3
Nbd7 9. f5 Re8 10. Bg5 e6 11. fxe6 fxe6 12. Nbd2 Nb6 13. e5 Ng4 14. h3 Nh6 15.
exd6 Qxd6 16. Ne4 Qc7 17. Bxh6 Bxh6 18. Nf6+ Kf8 19. Ne5 Ke7 20. Nfg4 Kd8 21.
Nxh6 Bd7 22. Rf7 Kc8 23. a4 a5 24. Nhg4 Qd8 25. Nf6 Re7 26. Rxe7 Qxe7 27. Nfxd7
Nxd7 28. Nxd7 Qxd7 29. Be4 Kc7 30. Qg4 Re8 31. Re1 1-0

[Event "13. Sparkassen Open 2014 - Gruppe B"]
[Site "Forchheim"]
[Date "2014.10.04"]
[Round "3.4"]
[White "Diller, Andreas"]
[Black "Menrad, Andreas"]
[Result "1/2-1/2"]
[WhiteElo "1572"]
[BlackElo "1974"]
[PlyCount "31"]
[EventDate "2014.??.??"]

1. e4 c6 2. f4 d5 3. e5 Bf5 4. Nf3 e6 5. d4 Nd7 6. Bd3 Bxd3 7. Qxd3 Qb6 8. O-O
c5 9. c3 Ne7 10. b4 cxb4 11. cxb4 Qxb4 12. Na3 Qa5 13. Rb1 Rb8 14. Bd2 Qd8 15.
Nb5 Nc6 16. f5 1/2-1/2

[Event "13. Sparkassen Open 2014 - Gruppe B"]
[Site "Forchheim"]
[Date "2014.10.04"]
[Round "3.5"]
[White "Simon, Jonathan"]
[Black "Mantel, Ruben"]
[Result "1-0"]
[WhiteElo "1925"]
[BlackElo "1659"]
[PlyCount "33"]
[EventDate "2014.??.??"]

1. d4 d5 2. c4 e5 3. dxe5 d4 4. a3 Nc6 5. e3 Nge7 6. b4 Nf5 7. e4 Nfe7 8. f4
Ng6 9. Nf3 f5 10. Bd3 Be7 11. exf5 Nh4 12. Nxh4 Bxh4+ 13. g3 O-O 14. Qh5 Be7
15. f6 g6 16. Bxg6 hxg6 17. Qxg6+ 1-0

[Event "13. Sparkassen Open 2014 - Gruppe B"]
[Site "Forchheim"]
[Date "2014.10.04"]
[Round "3.6"]
[White "Nehls, Benedikt"]
[Black "Grossner, Josef"]
[Result "1/2-1/2"]
[WhiteElo "2009"]
[BlackElo "1607"]
[PlyCount "75"]
[EventDate "2014.??.??"]

1. Nf3 d5 2. c4 e6 3. g3 Nf6 4. Bg2 g6 5. O-O Bg7 6. d4 O-O 7. Nc3 Nbd7 8. cxd5
exd5 9. Bf4 c6 10. b4 a6 11. Rc1 Nb6 12. a4 Bg4 13. Ne5 Bd7 14. a5 Nc8 15. Na4
Be6 16. Nc5 Qe7 17. Ned3 Ne8 18. Nxe6 Qxe6 19. Nc5 Qe7 20. Qd3 f5 21. h4 h6 22.
Qe3 Qxe3 23. Bxe3 Rf7 24. Rfd1 Re7 25. Bf1 Ncd6 26. Bf4 Nc4 27. e3 Ned6 28.
Bxc4 Nxc4 29. Nb3 Rd8 30. Nd2 Nxd2 31. Rxd2 Re6 32. Bc7 Rd7 33. Bb6 Bf8 34. Bc5
Be7 35. Kg2 h5 36. Re2 Rd8 37. Rce1 Re8 38. Kf3 1/2-1/2

[Event "13. Sparkassen Open 2014 - Gruppe B"]
[Site "Forchheim"]
[Date "2014.10.04"]
[Round "3.7"]
[White "Siegl, Adrian"]
[Black "Corral, Carlos"]
[Result "0-1"]
[WhiteElo "1779"]
[BlackElo "1990"]
[PlyCount "74"]
[EventDate "2014.??.??"]

1. e4 c5 2. Nf3 Nf6 3. g3 g6 4. Bg2 Bg7 5. O-O Nc6 6. d3 O-O 7. Re1 d6 8. c3
Bd7 9. Nbd2 Rb8 10. h4 b5 11. Nf1 b4 12. c4 Ng4 13. Ne3 Nxe3 14. Rxe3 Bg4 15.
Qa4 Bd7 16. Qd1 Qa5 17. Re2 Bg4 18. Bf4 Nd4 19. Nxd4 Bxd4 20. Bh6 Bxe2 21. Qxe2
Bg7 22. Bxg7 Kxg7 23. h5 b3 24. a3 e6 25. e5 Qc7 26. f4 f6 27. hxg6 hxg6 28.
Re1 dxe5 29. fxe5 f5 30. Qe3 Rbd8 31. Kf2 Rd4 32. Rh1 f4 33. gxf4 Rdxf4+ 34.
Ke2 Qd8 35. Qh3 Rf2+ 36. Ke1 Qa5+ 37. Kd1 Qd2# 0-1